<?xml version="1.0" encoding="UTF-8"?>
<record
    xmlns:xsi="http://www.w3.org/2001/XMLSchema-instance"
    xsi:schemaLocation="http://www.loc.gov/MARC21/slim http://www.loc.gov/standards/marcxml/schema/MARC21slim.xsd"
    xmlns="http://www.loc.gov/MARC21/slim">

  <leader>03992cam a22004454i 4500</leader>
  <controlfield tag="003">PE-LiUPU</controlfield>
  <controlfield tag="005">20250731165442.0</controlfield>
  <controlfield tag="008">160831s2016    pe a   grm    000 0 spa d</controlfield>
  <datafield tag="035" ind1=" " ind2=" ">
    <subfield code="a">(Sirsi) a163224</subfield>
  </datafield>
  <datafield tag="040" ind1=" " ind2=" ">
    <subfield code="a">PE-LiUPU</subfield>
    <subfield code="b">spa</subfield>
    <subfield code="c">PE-LiUPU</subfield>
    <subfield code="e">rda</subfield>
  </datafield>
  <datafield tag="099" ind1=" " ind2=" ">
    <subfield code="a">TIA 2</subfield>
    <subfield code="b">D69 2016</subfield>
  </datafield>
  <datafield tag="100" ind1="1" ind2=" ">
    <subfield code="a">Diaz De la Vega Huanca, Marita Ada Shirley,</subfield>
    <subfield code="e">autor</subfield>
  </datafield>
  <datafield tag="245" ind1="1" ind2=" ">
    <subfield code="a">Evaluaci&#xF3;n de los par&#xE1;metros de un aislado proteico de quinua negra (Chenopodium quinoa Willdenow) variedad collana /</subfield>
    <subfield code="c">Marita Ada Shirley Diaz de la Vega Huanca.</subfield>
  </datafield>
  <datafield tag="264" ind1=" " ind2="0">
    <subfield code="c">2016.</subfield>
  </datafield>
  <datafield tag="300" ind1=" " ind2=" ">
    <subfield code="a">117 hojas : </subfield>
    <subfield code="b">ilustraciones;</subfield>
    <subfield code="c">30 cm</subfield>
  </datafield>
  <datafield tag="336" ind1=" " ind2=" ">
    <subfield code="a">text</subfield>
    <subfield code="2">rdacontent</subfield>
  </datafield>
  <datafield tag="337" ind1=" " ind2=" ">
    <subfield code="a">unmediated</subfield>
    <subfield code="2">rdamedia</subfield>
  </datafield>
  <datafield tag="338" ind1=" " ind2=" ">
    <subfield code="a">volume</subfield>
    <subfield code="2">rdacarrier</subfield>
  </datafield>
  <datafield tag="502" ind1=" " ind2=" ">
    <subfield code="a">Tesis</subfield>
    <subfield code="b">(Lic.) -- </subfield>
    <subfield code="c">Universidad Peruana Uni&#xF3;n,</subfield>
    <subfield code="d">2016.</subfield>
  </datafield>
  <datafield tag="504" ind1=" " ind2=" ">
    <subfield code="a">Incluye referencias</subfield>
  </datafield>
  <datafield tag="520" ind1="3" ind2=" ">
    <subfield code="a">El objetivo este trabajo de investigaci&#xF3;n fue evaluar los par&#xE1;metros para la extracci&#xF3;n del aislado proteico de quinua negra (Chenopodium quinoa Willd) variedad Collana, caracterizar las propiedades fisicoqu&#xED;micas e identificar las mejores condiciones de extracci&#xF3;n para aumentar el rendimiento del aislado proteico. La metodolog&#xED;a usada fue precipitaci&#xF3;n isoel&#xE9;ctrica. Se trabaj&#xF3; a diferentes puntos esoel&#xE9;ctricos (3; 4; 5). Se us&#xF3; NaOH 0,1 N para incrementar el pH de la soluci&#xF3;n de harina previamente molida, tamizada y desgrasada mediante el m&#xE9;todo Soxhlet, la cual fue secada, pesada y suspendida en una relaci&#xF3;n harina:agua destilada (1:15). Posteriorente se trabaj&#xF3; con los par&#xE1;metros establecidos. Esta soluci&#xF3;n se llev&#xF3; a condiciones de temperatura y pH requeridas para cada ensayo obteni&#xE9;ndose un precipitado con algunos componentes solubles (fibra, carbohidratos y otros) en la primera extracci&#xF3;n. El sobrenadante se almacen&#xF3; en un vaso precipitado y se llev&#xF3; a una segunda extracci&#xF3;n alcalina donde se procedi&#xF3; a precipitar la prote&#xED;na con los diferentes puntos insoel&#xE9;ctricos establecidos del dise&#xF1;o; se redujo el pH del sobrenadante con HCI 0,1 N para obtener el precipitado del aislado proteico. Finalmente el precipitado se procedi&#xF3; a secar por 24 horas. Los experimentos se realizaron bajo un dise&#xF1;o central compuesto con 3 puntos centrales, las variables independientes fueron: pH alcalinos (8; 9 y 10) y temperatura (20; 25 y 30 &#xB0;C) las cuales fueron aplicadas sobre las variables dependientes: rendimiento, solubilidad y pureza. Los resultados mostraron que los granos de quinua negra no presentan diferencias ostensibles si se comparan los resultados de las caracter&#xED;sticas fisicoqu&#xED;micas evaluadas: cenizas totales, grasa cruda, fibra cruda, carbohidratos (2,62; 3,43; 2,21; 73,01 g/10g) con los registros de otras variedades, sin embargo el contenido de prote&#xED;na cruda es inferior a todos los registros de otras variedades (8,34 g/100g), adem&#xE1;s, los resultados tambi&#xE9;n mostraron que las variables que ejercen efectos principales sobre el rendimiento de extracci&#xF3;n de prote&#xED;na fueron el pH y la temperatura (8 y a 20 &#xB0;C). Las condiciones adecuadas de extracci&#xF3;n de prote&#xED;na recomendadas por el modelo correspondieron al punto esoel&#xE9;ctrico 3, obteniendo una mayor cantidad de prote&#xED;na precipitada (94,622 por ciento), bajo los par&#xE1;metros &#xF3;ptimo el aislado proteico de quinua negra present&#xF3; un contenido m&#xE1;ximo de pureza, solubilidad y rendimiento de 30,41; 12,99 y 94,62 por ciento respectivamente siendo los par&#xE1;metros m&#xE1;s &#xF3;ptimos los que precipitaron a PI 3.</subfield>
  </datafield>
  <datafield tag="526" ind1=" " ind2=" ">
    <subfield code="a">SEG44</subfield>
  </datafield>
  <datafield tag="526" ind1=" " ind2=" ">
    <subfield code="a">SEG26</subfield>
  </datafield>
  <datafield tag="526" ind1=" " ind2=" ">
    <subfield code="a">P151</subfield>
  </datafield>
  <datafield tag="526" ind1=" " ind2=" ">
    <subfield code="a">P150</subfield>
  </datafield>
  <datafield tag="526" ind1=" " ind2=" ">
    <subfield code="a">P149</subfield>
  </datafield>
  <datafield tag="526" ind1=" " ind2=" ">
    <subfield code="a">P146</subfield>
  </datafield>
  <datafield tag="526" ind1=" " ind2=" ">
    <subfield code="a">P145</subfield>
  </datafield>
  <datafield tag="526" ind1=" " ind2=" ">
    <subfield code="a">P126</subfield>
  </datafield>
  <datafield tag="526" ind1=" " ind2=" ">
    <subfield code="a">P125</subfield>
  </datafield>
  <datafield tag="526" ind1=" " ind2=" ">
    <subfield code="a">P92</subfield>
  </datafield>
  <datafield tag="526" ind1=" " ind2=" ">
    <subfield code="a">P75</subfield>
  </datafield>
  <datafield tag="526" ind1=" " ind2=" ">
    <subfield code="a">P74</subfield>
  </datafield>
  <datafield tag="526" ind1=" " ind2=" ">
    <subfield code="a">P27</subfield>
  </datafield>
  <datafield tag="526" ind1=" " ind2=" ">
    <subfield code="a">P15</subfield>
  </datafield>
  <datafield tag="650" ind1="0" ind2="4">
    <subfield code="a">Quinua</subfield>
    <subfield code="x">Calificaci&#xF3;n</subfield>
  </datafield>
  <datafield tag="596" ind1=" " ind2=" ">
    <subfield code="a">1</subfield>
  </datafield>
  <datafield tag="942" ind1=" " ind2=" ">
    <subfield code="2">ddc</subfield>
    <subfield code="c">TESIS</subfield>
  </datafield>
  <datafield tag="999" ind1=" " ind2=" ">
    <subfield code="a">TIA 2 D69 2016</subfield>
    <subfield code="w">ALPHANUM</subfield>
    <subfield code="c">12119</subfield>
    <subfield code="i">T01975</subfield>
    <subfield code="l">CCODEBUL3</subfield>
    <subfield code="m">BUL</subfield>
    <subfield code="r">1</subfield>
    <subfield code="s">Y</subfield>
    <subfield code="t">TESIS</subfield>
    <subfield code="u">2016-8-31</subfield>
    <subfield code="x">INGENIERIA</subfield>
    <subfield code="P">P26</subfield>
    <subfield code="o">.STAFF. Tesis</subfield>
    <subfield code="d">12119</subfield>
  </datafield>
  <datafield tag="980" ind1=" " ind2=" ">
    <subfield code="8">1</subfield>
    <subfield code="g">ALBERTO SANCHEZ Responsable de Automatizaci&#xF3;n</subfield>
  </datafield>
  <datafield tag="952" ind1=" " ind2=" ">
    <subfield code="r">2022-07-06 00:00:00</subfield>
    <subfield code="l">0</subfield>
    <subfield code="o">TIA 2 D69 2016</subfield>
    <subfield code="p">T01975</subfield>
    <subfield code="t">e1</subfield>
    <subfield code="w">2016-08-31</subfield>
    <subfield code="x">FIA</subfield>
    <subfield code="y">TESIS</subfield>
    <subfield code="z">Este &#xCD;tem NO se presta por ser Ejemplar #1.</subfield>
    <subfield code="1">0</subfield>
    <subfield code="2">ddc</subfield>
    <subfield code="7">1</subfield>
    <subfield code="8">TESIS</subfield>
    <subfield code="f">P26</subfield>
    <subfield code="a">BUL</subfield>
    <subfield code="b">BUL</subfield>
    <subfield code="c">TESIS</subfield>
    <subfield code="d">2016-08-31</subfield>
  </datafield>
</record>
